Kỳ quan thiên nhiên thế giới /
Đã lưu trong:
| Tác giả khác: | , , , , , |
|---|---|
| Định dạng: | Sách |
| Ngôn ngữ: | Vietnamese English |
| Được phát hành: |
Hà Nội :
Mỹ thuật,
2003.
|
| Những chủ đề: | |
| Các nhãn: |
Thêm thẻ
Không có thẻ, Là người đầu tiên thẻ bản ghi này!
|
| Thư viện lưu trữ: | Mạng thư viện Đại học Đà Nẵng |
|---|
| LEADER | 01453cam a2200409 a 4500 | ||
|---|---|---|---|
| 001 | 000043886 | ||
| 003 | 2007 | ||
| 005 | 20060418161804.0 | ||
| 008 | 010217b2003 vm 000 vie | ||
| 020 | |c 97000 | ||
| 040 | |a LRC |c LRC |d LRC | ||
| 041 | 1 | |a vie |h eng | |
| 082 | 1 | 4 | |a 910.02 |b Ky-Q |
| 245 | 0 | 0 | |a Kỳ quan thiên nhiên thế giới / |c John Bakst, Peter Clarkson, Elisabeth Crowell, Baugh Rifenborg ; biên dịch : Nhất Như, Phạm Cao Hoàn. |
| 260 | |a Hà Nội : |b Mỹ thuật, |c 2003. | ||
| 300 | |a 209 tr. : |b mh. màu ; |c 27 cm. | ||
| 500 | |a Dịch theo cuốn "Natural wonders of the world", nhà xuất bản The Automobile Associatuib, năm 1995. | ||
| 630 | 0 | 4 | |a Thiên nhiên. |
| 650 | 0 | 4 | |a Thiên nhiên |x Kỳ quan. |
| 700 | 1 | |a Bakst, John. | |
| 700 | 1 | |a Clarkson, Peter. | |
| 700 | 1 | |a Crowell, Elisabeth. | |
| 700 | 1 | |a Rifenborg, Baugh. | |
| 700 | 1 | |a Nhất Như, |e dịch. | |
| 700 | 1 | |a Phạm Cao Hoàn, |e dịch. | |
| OWN | |a DUT | ||
| AVA | |a UDN50 |b DUT |c Book |d 910.02 Ky-Q |e available |t Error 5001 Not defined in file expand_doc_bib_avail. |f 3 |g 1 |h N |i 2 |j SH |k 1 | ||
| 999 | |a From the UDN01 | ||
| AVA | |a UDN50 |b DUT |c Book |d 910.02 Ky-Q |e available |t Error 5001 Not defined in file expand_doc_bib_avail. |f 3 |g 1 |h N |i 2 |j SH |k 1 | ||
| TYP | |a Monograph | ||
| TYP | |a Printed language | ||
| 980 | |a Mạng thư viện Đại học Đà Nẵng | ||